000 00743cam a22002413a 4500
001 17934
003 PGUSA
005 20140828083400.0
008 060306s2006||||xxu|||||s|||||000 | eng d
040 _aPGUSA
_beng
042 _adc
050 4 _aHQ
100 1 _aNewcomb, Harvey,
_d1803-1863
245 1 2 _aA Practical Directory for Young Christian Females :
_bBeing a Series of Letters from a Brother to a Younger Sister
_h[electronic resource] /
_cHarvey Newcomb
260 _bProject Gutenberg,
_c2006
506 _aPublic domain in the USA.
516 _aElectronic text
653 _aYoung women
653 _aChristian life
830 0 _aProject Gutenberg
_v17934
856 4 0 _uhttp://www.gutenberg.org/ebooks/17934
942 _cEB
999 _c247189
_d247189